Pays ayant gagné la Coupe du Monde ou un trophée continental ! - Statistiques

Statistiques générales
  • Ce quiz a été pris 68 fois
  • Le résultat moyen est 42 sur 52
Statistiques - réponses
Continent Réponse % Correct
Europe Allemagne
97%
Amérique du Sud Argentine
97%
Océanie/Asie Australie
97%
Amérique du Nord Canada
97%
Europe Espagne
97%
Amérique du Nord Etats-Unis
97%
Europe France
97%
Asie Japon
97%
Amérique du Nord Mexique
97%
Amérique du Sud Brésil
95%
Europe Italie
95%
Afrique Maroc
95%
Afrique Algérie
94%
Europe Angleterre
94%
Amérique du Sud Chili
94%
Amérique du Sud Colombie
94%
Océanie Nouvelle-Zélande
94%
Europe Portugal
94%
Amérique du Sud Uruguay
94%
Afrique Sénégal
92%
Afrique Côte d'Ivoire
91%
Amérique du Sud Paraguay
91%
Afrique Tunisie
91%
Asie Corée du Sud
89%
Afrique Egypte
89%
Europe Pays-Bas
89%
Afrique Afrique du sud
88%
Afrique Cameroun
86%
Europe URSS/Russie
86%
Amérique du Sud Pérou
85%
Amérique du Sud Bolivie
83%
Europe Danemark
83%
Europe Grèce
82%
Afrique RD Congo
78%
Amérique du Nord Honduras
77%
Asie Arabie Saoudite
75%
Afrique Congo
75%
Asie Iran
75%
Amérique du Nord Costa Rica
74%
Asie Qatar
74%
Asie Irak
72%
Afrique Zambie
71%
Afrique Ghana
69%
Afrique Nigeria
65%
Amérique du Nord Guatemala
63%
Amérique du Nord Haïti
62%
Afrique Soudan
62%
Europe Tchécoslovaquie
62%
Asie Israël
54%
Afrique Ethiopie
49%
Asie Koweït
34%
Océanie Tahiti
18%
Aucun quiz correspondant
Distribution des résultats
% des personnes avec chaque résultat
Percentile par nombre de réponses
Votre historique - résultats
Vous n’avez pas pris ce quiz